000 00894nam a2200253Ia 4500
003 OSt
005 20220923215650.0
006 a|||||r|||| 00| 0
007 ta
008 220922b |||||||| |||| 00| 0 hin d
024 _a180,696
037 _cTextual
040 _aARTS
_cARTS
_bhin
041 _2hin
_ahin
082 _aO152,1N07:g(P), M5
100 _aवाणिेर्योवा, पी0
_9162726
245 0 _aमहादेवी के काव्य मेें बिम्ब विधान
246 _ahinādevī ke kāvya meean bimba vidhāna
260 _aहैदराबाद
_b सौरभ प्रकाशन
_c1985
300 _a216 पृ.
_ccm.
650 _aहिन्दी साहित्य
_9156264
942 _hO152,1N07:g(P), M5
_cTEXL
_2CC
999 _c334074
_d334074